00548nam a2200145 a 450000100100000000500170001000800410002704000250006808200150009310000280010824501550013626000460029130000280033750400370036500001631720200929164352.0100303d2003 dr a 001 0 spa d aDO-SdBNPbspacBNPHU axxxbR696g1 aRodríguez, Antonio S.10aContabilidad :bGuía práctica de tratamiento contable para los registros de las operaciones financieras de las empresas /cAntonio S. Rodríguez. aSanto Domingo :bImprenta Dahiana,c2003. a148 p. :bil. ;c21 cm. aIncluye bibliografías [p. 149]